México visto desde Centroamérica : aspectos fiscales /

Uloženo v:
Podrobná bibliografie
Hlavní autor: Rodríguez, Gregorio (autor)
Další autoři: García Laguardia, Jorge Mario (presentación) (presentación)
Médium: Kniha
Jazyk:španělština
Vydáno: México : UNAM, Instituto de Investigaciones Jurídicas, 1994, c1994
Tagy: Přidat tag
Žádné tagy, Buďte první, kdo vytvoří štítek k tomuto záznamu!

MARC

LEADER 00000nam^a2200000^a^4500
001 000572122
005 20250521000000.0
009 20260310132301.644
020 |a 968-36-3668-3 
037 |a Acervo ITESO - Biblioteca 
041 |a ESP 
091 |a FGM. 04529 
100 |a Rodríguez, Gregorio  |e (autor) 
245 1 0 |a México visto desde Centroamérica :  |b aspectos fiscales / 
264 4 |a México :  |b UNAM, Instituto de Investigaciones Jurídicas,  |c 1994, c1994 
300 |a 76 p. 
336 |a texto  |b txt  |2 rdacontenido 
337 |a sin mediación  |b n  |2 rdamedio 
338 |a volumen  |b nc  |2 rdasoporte 
649 |a XX 
700 |a García Laguardia, Jorge Mario  |e (presentación) 
910 |a Fondo Efraín González Morfín 
920 |a Impresos - Libros 
930 |a Fondos Especiales 
905 |a 130 
901 |a 0500380255  |b IT2  |c ESL  |i D87880  |u 20250521 
902 |a https://opac.biblio.iteso.mx/vufind/Record/000572122